Sliced Movies Quiz Stats

 Plays Quiz Updated Jul 5, 2017

Support Sporcle.
Go Orange.
Score 0/22 Timer 06:00
1 Play Today
% Correct
Titanic
94.3%
Pretty Woman
90.9%
Mean Girls
86.4%
Legally Blonde
85.2%
Pulp Fiction
84.1%
The Shawshank Redemption
84.1%
The Green Mile
84%
Thelma & Louise
83.8%
There's Something About Mary
80.5%
Kill Bill Vol. 1
78.3%
The Lord of the Rings: The Return of the King
77.1%
% Correct
The Ring
74.8%
Saving Private Ryan
65.8%
Basic Instinct
64.3%
Ghost
63.2%
Trainspotting
51.1%
Léon: The Professional
43.5%
Aliens
41.8%
Girl, Interrupted
41.1%
Harry Potter and the Deathly Hallows: Part 2
36.1%
We're the Millers
36%
Con Air
29.1%

You're not logged in!

Compare scores with friends on all Sporcle quizzes.
OR
Log In
Forgot?

From the Vault

2000s Lyrics Match III

by emmike

You put my WHAT down, flipped it and reversed it?! Not sure we care to know...
Remove Ads.
Support Sporcle.
Get the best of Sporcle when you Go Orange. This ad-free experience offers more features, more stats, and more fun while also helping to support Sporcle. Thank you for becoming a member.

Show Comments

Extras

Top Quizzes Today


Score Distribution

Your Account Isn't Verified!

In order to create a playlist on Sporcle, you need to verify the email address you used during registration. Go to your Sporcle Settings to finish the process.

Report this User

Report this user for behavior that violates our Community Guidelines.

Details: